| 000 | 00542nam a2200205Ia 4500 | ||
|---|---|---|---|
| 008 | 160803s9999 xx 000 0 und d | ||
| 020 | _a0439351480 (paperback) | ||
| 100 | _aAnastasio, Dina | ||
| 245 | _aIn the rain forest / | ||
| 245 | _cwritten by Dina Anastasio. | ||
| 260 | _aNew York : | ||
| 260 | _bScholastic Inc. | ||
| 260 | _c2002 | ||
| 300 | _a16 pages : | ||
| 300 | _bcolor illustrations ; | ||
| 300 | _c24 cm | ||
| 650 | _aRain forest animals -- Adaptation -- | ||
| 650 | _xJuvenile literature. | ||
| 700 | _a450 | ||
| 999 |
_c299867 _d299867 |
||